Cooperative game theory and applications : (Record no. 29562)

000 -LEADER
fixed length control field 00831 a2200205 4500
020 ## - INTERNATIONAL STANDARD BOOK NUMBER
International Standard Book Number 0792344766
020 ## - INTERNATIONAL STANDARD BOOK NUMBER
International Standard Book Number 9780792344766
082 ## - DEWEY DECIMAL CLASSIFICATION NUMBER
Classification number 519.3
090 ## - LOCALLY ASSIGNED LC-TYPE CALL NUMBER (OCLC); LOCAL CALL NUMBER (RLIN)
-- 942
-- 942
100 1# - MAIN ENTRY--PERSONAL NAME
Personal name Curiel, Imma.
245 10 - TITLE STATEMENT
Title Cooperative game theory and applications :
Remainder of title cooperative games arising from combinatorial optimization problems /
Statement of responsibility, etc. Imma Curiel.
260 ## - PUBLICATION, DISTRIBUTION, ETC.
Place of publication, distribution, etc. [S.l.] :
Name of publisher, distributor, etc. Springer,
Date of publication, distribution, etc. 1997.
300 ## - PHYSICAL DESCRIPTION
Extent 204 p. ;
Dimensions 25 cm.
490 1# - SERIES STATEMENT
Series statement Theory and decision library c.
700 ## - ADDED ENTRY--PERSONAL NAME
Personal name Curiel, Imma.
830 #0 - SERIES ADDED ENTRY--UNIFORM TITLE
Uniform title Theory and decision library c.
942 ## - ADDED ENTRY ELEMENTS (KOHA)
Institution code [OBSOLETE] SNS
Koha item type Book
Call number prefix 519.3 CUR
Holdings
Withdrawn status Lost status Damaged status Not for loan Permanent Location Current Location Date acquired Total Checkouts Full call number Barcode Date last seen Price effective from Koha item type
        School of Natural Sciences (SNS) School of Natural Sciences (SNS) 05/26/2016   519.3 CUR SNS0001113 04/30/2018 05/26/2016 Book
        School of Natural Sciences (SNS) School of Natural Sciences (SNS) 05/26/2016   519.3 CUR SNS0001135 05/26/2016 05/26/2016 Book
© 2023 Central Library, National University of Sciences and Technology. All Rights Reserved.